<?xml version="1.0" encoding="UTF-8"?>
<collection xmlns="http://www.loc.gov/MARC21/slim">
 <record>
  <leader>01969nam a2200193Ia 4500</leader>
  <controlfield tag="001">TDMU_39458</controlfield>
  <controlfield tag="008">210410s9999    xx            000 0 und d</controlfield>
  <datafield tag="082" ind1=" " ind2=" ">
   <subfield code="a">370.114</subfield>
  </datafield>
  <datafield tag="090" ind1=" " ind2=" ">
   <subfield code="b">L250</subfield>
  </datafield>
  <datafield tag="100" ind1=" " ind2=" ">
   <subfield code="a">Lê, Thị Phượng Huỳnh</subfield>
  </datafield>
  <datafield tag="245" ind1=" " ind2="0">
   <subfield code="a">Quản lý hoạt động phòng chống dịch bệnh cho trẻ mầm non trên địa bàn thị xã Bến Cát tỉnh Bình Dương</subfield>
  </datafield>
  <datafield tag="245" ind1=" " ind2="0">
   <subfield code="c">Lê Thị Phượng Huỳnh; TS.Vũ Lan Hương (hướng dẫn)</subfield>
  </datafield>
  <datafield tag="260" ind1=" " ind2=" ">
   <subfield code="a">Bình Dương, 2019</subfield>
  </datafield>
  <datafield tag="300" ind1=" " ind2=" ">
   <subfield code="a">112tr</subfield>
  </datafield>
  <datafield tag="520" ind1=" " ind2=" ">
   <subfield code="a">Chuyên ngành: Quản lý giáo dục; Mã số: 8140114; Ý kiến về việc photo tài liệu: không đồng ý; Ý kiến về việc sao chép file: Không đồng ý; Ý kiến về việc đưa lên CSDL đọc trực tuyến: Không đồng ý; TM tài liệu tham khảo tr.111-112; Luận văn Thạc sĩ. Trường đại học Thủ Dầu Một, 2019; Luận văn gồm có 3 chương: Chương 1. Cơ sở lý luận về quản lý hoạt động phòng chống dịch bệnh cho trẻ ở trường mầm non. Chương 2. Thực trạng quản lý hoạt động phoòn chống dịch bệnh cho trẻ tại các trường mầm non trên địa bàn thị xã Bến Cát, tỉnh Bình Dương. Chương 3. Các  biện pháp phòng chống dịch bệnh cho trẻ ở các trường mầm non trên địa bàn thị xã Bến Cát, tỉnh Bình Dương</subfield>
  </datafield>
  <datafield tag="650" ind1=" " ind2=" ">
   <subfield code="a">Luận văn; Phòng chống dịch bện</subfield>
   <subfield code="x">Trẻ mầm non</subfield>
   <subfield code="x">Quản lý</subfield>
   <subfield code="z">Bình Dương (Việt Nam); Giáo dục mầm non</subfield>
   <subfield code="x">Phòng chống dịch bệnh</subfield>
   <subfield code="x">Quản lý</subfield>
  </datafield>
  <datafield tag="700" ind1=" " ind2=" ">
   <subfield code="a">Vũ, Lan Hương</subfield>
  </datafield>
  <datafield tag="856" ind1=" " ind2=" ">
   <subfield code="u">http://lrc.tdmu.edu.vn/opac/search/detail.asp?aID=2&amp;ID=39458</subfield>
  </datafield>
  <datafield tag="980" ind1=" " ind2=" ">
   <subfield code="a">Trung tâm Học liệu Trường Đại học Thủ Dầu Một</subfield>
  </datafield>
 </record>
</collection>
